Về đại thắng mùa xuân năm 1975 qua tài liệu của chính quyền Sài Gòn Sách tham khảo
Tập hợp những tài liệu của chính quyền Sài Gòn về những sự kiện lịch sử diễn ra trong giai đoạn từ khi Hiệp định Pari năm 1973 được ký kết, từ thất thủ Phước Long đến phòng tuyến Phan Rang, từ cửa tử Xuân Lộc đến sự sụp đổ hoàn t...
محفوظ في:
| المؤلف الرئيسي: | |
|---|---|
| مؤلفون آخرون: | |
| التنسيق: | كتاب |
| اللغة: | Undetermined |
| منشور في: |
H.
Chính trị Quốc gia
2015
|
| الموضوعات: | |
| الوصول للمادة أونلاين: | http://lrc.tdmu.edu.vn/opac/search/detail.asp?aID=2&ID=24731 |
| الوسوم: |
إضافة وسم
لا توجد وسوم, كن أول من يضع وسما على هذه التسجيلة!
|
| Thư viện lưu trữ: | Trung tâm Học liệu Trường Đại học Thủ Dầu Một |
|---|
| LEADER | 01392nam a2200229Ia 4500 | ||
|---|---|---|---|
| 001 | TDMU_24731 | ||
| 008 | 210410s9999 xx 000 0 und d | ||
| 082 | |a 959.7043 | ||
| 090 | |b PH104 | ||
| 100 | |a Phạm, Thị Huệ | ||
| 245 | 0 | |a Về đại thắng mùa xuân năm 1975 qua tài liệu của chính quyền Sài Gòn | |
| 245 | 0 | |b Sách tham khảo | |
| 245 | 0 | |c Phạm Thị Huệ, Hà Kim Phương, Phạm Ngọc Hưng và [nh.ng khác] | |
| 260 | |a H. | ||
| 260 | |b Chính trị Quốc gia | ||
| 260 | |c 2015 | ||
| 300 | |a 355tr. | ||
| 520 | |a Tập hợp những tài liệu của chính quyền Sài Gòn về những sự kiện lịch sử diễn ra trong giai đoạn từ khi Hiệp định Pari năm 1973 được ký kết, từ thất thủ Phước Long đến phòng tuyến Phan Rang, từ cửa tử Xuân Lộc đến sự sụp đổ hoàn toàn của chính quyền Sài Gòn năm 1975 | ||
| 650 | |a Lịch sử |x Kháng chiến chống Mỹ |z Việt Nam; Lịch sử Việt Nam |x Chiến thắng 30 tháng 4 | ||
| 700 | |a Bộ Nội vụ. Cục Văn thư và Lưu trữ Nhà nước | ||
| 856 | |u http://lrc.tdmu.edu.vn/opac/search/detail.asp?aID=2&ID=24731 | ||
| 980 | |a Trung tâm Học liệu Trường Đại học Thủ Dầu Một | ||